000 00584nam a22001932 4500
001 0000011842
005 20151217152101.0
008 090113s xx 000 0 eng d
020 _a0021467110 :
040 _aKABU
_cKABU
245 1 0 _aTexas :
_baventuras a traves del tiempo /
_cJames A. Banks ...[et al.]
250 _a1st ed.
260 _aNew York :
_bMcGraw-Hill,
_c1997.
300 _axiv, 407 p. :
_bill.; maps.
651 0 _aTexas
_xDescription and travel.
_@0000167880
852 1 _9p500 KES
908 _a090113
950 _@1
999 _c8057
_d8057